00397nam a2200157Ia 45000010006000000050017000060080041000230410008000640820015000721000033000872450059001202600009001793000035001886500008002236540008002312543620260414151150.0260414t2012||||xx |||||||||||||| ||spa|| aESP a346.5bS17 aSalerno, Marcelo UrbanoeAUT 0aEl patrimonio del deudor y los derechos del acreedorb c2012 axxiii, 318 páginas :c23 cm. aDER aCDE